| 000 | 00527nam a2200205Ia 4500 | ||
|---|---|---|---|
| 008 | 160803s9999 xx 000 0 und d | ||
| 020 | _a0 590224239 | ||
| 100 | _aMonjo, F.N | ||
| 245 | 4 | _aThe drinking gourd / | |
| 245 | _cby F. N. Monjo ; pictures by Fred Brenner. | ||
| 260 | _aNew York : | ||
| 260 | _bScholastic Inc. | ||
| 260 | _c1970 | ||
| 300 | _a62 pages : | ||
| 300 | _bcolor illustrations ; | ||
| 300 | _c22 cm. | ||
| 650 | _aUnderground Railroad -- | ||
| 650 | _xJuvenile fiction. | ||
| 700 | _a370 | ||
| 999 |
_c299183 _d299183 |
||